| 000 | 00434nam a22001457a 4500 | ||
|---|---|---|---|
| 082 | _aP-281 | ||
| 100 |
_aMuhammad Sohail Saleem _947948 |
||
| 245 |
_aRoof insulation, cost effective and effective utility for Pakistan _cMuhammad Sohail Saleem, TC Atif Ahmad Khan |
||
| 260 |
_aMCE _c12.12.2005 |
||
| 300 | _a87 p. | ||
| 526 |
_a0 _b0 _c0 _dP_281 |
||
| 650 | _aProject | ||
| 700 |
_aLt Col (R) Kamran Mushtaq _947949 |
||
| 942 |
_2ddc _cBK |
||
| 999 |
_c551022 _d551022 |
||